000 00314nam a22001337a 4500
008 170612b xxu||||| |||| 00| 0 eng d
020 _a9780375505485
041 _aeng
080 _a94(7/8)
100 _a17
101 _aSHH
245 _aTHE GREAT INFALTION AND ITS AFTERMATH
_cSAMUELSON,R.J
942 _2udc
_cBK
999 _c17026
_d17026